| 000 | 00617nam a22002417a 4500 | ||
|---|---|---|---|
| 003 | OSt | ||
| 005 | 20180116183002.0 | ||
| 008 | 150306b xxu||||| |||| 00| 0 eng d | ||
| 020 | _a9788131516201 | ||
| 022 | _a8131516202 | ||
| 040 | _c0 | ||
| 050 | _a302.85 | ||
| 082 | _a302.85 | ||
| 100 | _aCummings,Thomas G. | ||
| 245 |
_aTheory of Organization Development and Change. _cThomas G.Cummings |
||
| 250 | _a9th. | ||
| 260 |
_aNew Delhi _bCENGAGE Learning. _c2012 |
||
| 300 | _a811p. | ||
| 500 | _aPaper Cover | ||
| 600 | _aCummings,Thomas G. | ||
| 700 | _aCummings,Thomas G. | ||
| 942 |
_2ddc _cBK _k302.85 |
||
| 999 |
_c349896 _d349896 |
||